| 000 | 00937nam a22001577a 4500 | ||
|---|---|---|---|
| 003 | OSt | ||
| 005 | 20160122102101.0 | ||
| 008 | 160122b xxu||||| |||| 00| 0 eng d | ||
| 040 | _cRUA | ||
| 082 | _aGRS KEM 2012 B368 Or.1 | ||
| 100 |
_96778 _aKEM, LY. |
||
| 245 | _aGrowth of mix-sex and sex-reversed fry in recirculation and hapa systems at aquafarm of royal university of agriculture (ការលូតលាស់របស់កូនត្រីទីឡាព្យាធម្មតានិងកូនត្រីទីឡាព្យាឯកភេទ(ឈ្មោល)បំប៉នក្នុងអាងប្រពន្ធ័ចម្រោះនិងហាប៉ាក្នុងស្រះនៅស្ថានីយ៏ពិសោធន៏សាកលវិទ្យាល័យភូមិន្ទកសិកម្ម) | ||
| 260 |
_aPhnom Penh _bRUA _c2012 |
||
| 300 |
_avii, 25p. _bill. _c29cm. |
||
| 942 |
_2ddc _cGRS |
||
| 999 |
_c6348 _d6348 |
||